[Event "Королевский Гамбит. Южный Федеральный округ."]
[Date "2025-11-21"]
[Round "4.3"]
[Board "3"]
[White "Моисеенко Александр"]
[WhiteElo "1029"]
[Black "Гладышев Константин"]
[BlackElo "1029"]
[WebSite "https://www.chessopen.ru"]
[GameId "cb273e2c-0d4e-4e4d-b809-f9854f790787"]
[Result "1-0"]

1. e4 { [%clk 0:10:01] } e5 { [%clk 0:10:01] } 2. Nf3 { [%clk 0:10:02] } Nc6 {
[%clk 0:10:02] } 3. d4 { [%clk 0:10:02] } exd4 { [%clk 0:10:04] } 4. Nxd4 {
[%clk 0:10:03] } Bc5 { [%clk 0:10:06] } 5. Be3 { [%clk 0:10:04] } Qf6 { [%clk
0:10:08] } 6. Nb5 { [%clk 0:10:05] } Bd6 { [%clk 0:09:38] } 7. Nxd6+ { [%clk
0:10:03] } cxd6 { [%clk 0:09:40] } 8. Nc3 { [%clk 0:10:02] } Nge7 { [%clk
0:09:41] } 9. Bc4 { [%clk 0:10:02] } O-O { [%clk 0:09:42] } 10. h3 { [%clk
0:10:04] } Ng6 { [%clk 0:09:43] } 11. O-O { [%clk 0:10:04] } Nge5 { [%clk
0:09:44] } 12. Bd5 { [%clk 0:09:55] } h6 { [%clk 0:09:27] } 13. f4 { [%clk
0:09:44] } Ng6 { [%clk 0:09:23] } 14. f5 { [%clk 0:09:40] } Nge5 { [%clk
0:09:22] } 15. a3 { [%clk 0:09:25] } a6 { [%clk 0:09:22] } 16. Qe1 { [%clk
0:09:21] } Ne7 { [%clk 0:09:18] } 17. Qg3 { [%clk 0:09:21] } Kh7 { [%clk
0:09:01] } 18. Rf4 { [%clk 0:09:11] } Nxd5 { [%clk 0:08:54] } 19. Nxd5 { [%clk
0:09:09] } Qd8 { [%clk 0:08:54] } 20. Rh4 { [%clk 0:09:06] } b5 { [%clk
0:08:35] } 21. Bd4 { [%clk 0:08:27] } Qe8 { [%clk 0:07:58] } 22. Bxe5 { [%clk
0:08:25] } dxe5 { [%clk 0:08:00] } 23. f6 { [%clk 0:08:17] } g6 { [%clk
0:07:42] } 24. Qg5 { [%clk 0:08:09] } h5 { [%clk 0:07:43] } 25. Rxh5+ { [%clk
0:08:03] } gxh5 { [%clk 0:07:40] } 26. Qxh5+ { [%clk 0:07:59] } Kg8 { [%clk
0:07:41] } 27. Qg5+ { [%clk 0:07:57] } Kh8 { [%clk 0:07:42] } 28. Qg7# { [%clk
0:07:56] } 1-0

[Event "Королевский Гамбит. Южный Федеральный округ."]
[Date "2025-11-21"]
[Round "4.3"]
[Board "3"]
[White "Попов Константин"]
[WhiteElo "1000"]
[Black "Курочкин Артём"]
[BlackElo "1000"]
[WebSite "https://www.chessopen.ru"]
[GameId "72ba01fb-1f4c-43ec-abbf-c8e72464cde1"]
[Result "1-0"]

1. e4 { [%clk 0:10:00] } d6 { [%clk 0:09:53] } 2. Nf3 { [%clk 0:10:00] } c5 {
[%clk 0:09:41] } 3. Bb5+ { [%clk 0:09:58] } Nc6 { [%clk 0:09:10] } 4. O-O {
[%clk 0:09:53] } g6 { [%clk 0:08:44] } 5. Bc4 { [%clk 0:09:48] } Bg7 { [%clk
0:08:35] } 6. Nc3 { [%clk 0:09:43] } Nf6 { [%clk 0:08:24] } 7. d3 { [%clk
0:09:40] } O-O { [%clk 0:08:14] } 8. Bg5 { [%clk 0:09:38] } Bg4 { [%clk
0:08:09] } 9. h3 { [%clk 0:09:33] } Bxf3 { [%clk 0:07:57] } 10. Qxf3 { [%clk
0:09:32] } Nd4 { [%clk 0:07:52] } 11. Qf4 { [%clk 0:09:23] } Nxc2 { [%clk
0:07:43] } 12. Rad1 { [%clk 0:09:18] } Nd4 { [%clk 0:07:23] } 13. Bh6 { [%clk
0:09:01] } Ne8 { [%clk 0:07:05] } 14. Bg5 { [%clk 0:08:59] } h6 { [%clk
0:07:00] } 15. Bxh6 { [%clk 0:08:59] } e5 { [%clk 0:06:45] } 16. Bxg7 { [%clk
0:08:58] } Kxg7 { [%clk 0:06:44] } 17. Qg4 { [%clk 0:08:45] } Nf6 { [%clk
0:06:41] } 18. Qg5 { [%clk 0:08:40] } Rh8 { [%clk 0:06:35] } 19. f4 { [%clk
0:08:31] } Rh5 { [%clk 0:06:19] } 20. Qg3 { [%clk 0:08:27] } Qe7 { [%clk
0:05:54] } 21. f5 { [%clk 0:08:22] } Rah8 { [%clk 0:05:38] } 22. fxg6 { [%clk
0:08:20] } fxg6 { [%clk 0:05:39] } 23. Rf2 { [%clk 0:08:09] } a6 { [%clk
0:04:51] } 24. Rdf1 { [%clk 0:08:03] } Rf8 { [%clk 0:04:42] } 25. Nd5 { [%clk
0:08:00] } Nxd5 { [%clk 0:04:18] } 26. Rxf8 { [%clk 0:07:58] } Ne2+ { [%clk
0:04:16] } 27. Kh2 { [%clk 0:07:50] } Nxg3 { [%clk 0:04:16] } 28. Kxg3 { [%clk
0:07:52] } Qg5+ { [%clk 0:04:13] } 29. Kh2 { [%clk 0:07:51] } Ne3 { [%clk
0:04:09] } 30. R1f7+ { [%clk 0:07:49] } Kh6 { [%clk 0:03:48] } 31. Rh8# { [%clk
0:07:46] } 1-0

[Event "Королевский Гамбит. Южный Федеральный округ."]
[Date "2025-11-21"]
[Round "4.4"]
[Board "4"]
[White "Белоусько Елена"]
[WhiteElo "980"]
[Black "Погорелова Мирослава"]
[BlackElo "1029"]
[WebSite "https://www.chessopen.ru"]
[GameId "b765016f-eabe-41c6-8f2c-ed5dc9c73e49"]
[Result "0-1"]

1. e4 { [%clk 0:10:00] } e5 { [%clk 0:10:00] } 2. Bc4 { [%clk 0:09:58] } Nc6 {
[%clk 0:10:00] } 3. Qh5 { [%clk 0:09:58] } Qe7 { [%clk 0:09:52] } 4. d3 { [%clk
0:09:55] } h6 { [%clk 0:09:47] } 5. Qd1 { [%clk 0:09:43] } Nf6 { [%clk 0:09:49]
} 6. Nf3 { [%clk 0:09:39] } Qb4+ { [%clk 0:09:47] } 7. c3 { [%clk 0:09:36] }
Qd6 { [%clk 0:09:38] } 8. Be3 { [%clk 0:09:28] } Qe7 { [%clk 0:09:27] } 9. b4 {
[%clk 0:09:10] } Qd8 { [%clk 0:09:23] } 10. O-O { [%clk 0:09:06] } Bd6 { [%clk
0:09:19] } 11. h3 { [%clk 0:08:57] } O-O { [%clk 0:09:18] } 12. Na3 { [%clk
0:08:27] } a6 { [%clk 0:09:10] } 13. Qa4 { [%clk 0:08:15] } b5 { [%clk 0:09:08]
} 14. Bxb5 { [%clk 0:08:13] } axb5 { [%clk 0:09:08] } 15. Qxa8 { [%clk 0:08:13]
} Nh5 { [%clk 0:08:53] } 16. Nxb5 { [%clk 0:08:08] } Be7 { [%clk 0:08:10] } 17.
Nxe5 { [%clk 0:08:00] } Nxe5 { [%clk 0:08:08] } 18. Rfd1 { [%clk 0:07:39] } c6
{ [%clk 0:08:03] } 19. Na7 { [%clk 0:07:25] } Qc7 { [%clk 0:07:43] } 20. Nxc8 {
[%clk 0:07:22] } Rxc8 { [%clk 0:07:42] } 21. Qa5 { [%clk 0:07:05] } Qd6 { [%clk
0:07:35] } 22. Bc5 { [%clk 0:06:55] } Qf6 { [%clk 0:07:33] } 23. Bxe7 { [%clk
0:06:52] } Qxe7 { [%clk 0:07:33] } 24. Qa6 { [%clk 0:06:42] } Nf4 { [%clk
0:07:32] } 25. Qxc8+ { [%clk 0:06:36] } Kh7 { [%clk 0:07:28] } 26. a4 { [%clk
0:06:00] } Qg5 { [%clk 0:07:19] } 27. g3 { [%clk 0:05:53] } Nxh3+ { [%clk
0:07:17] } 28. Kh2 { [%clk 0:05:40] } Qg4 { [%clk 0:07:13] } 29. a5 { [%clk
0:05:31] } Nf3+ { [%clk 0:07:13] } 30. Kg2 { [%clk 0:05:28] } Nhg5 { [%clk
0:07:03] } 31. a6 { [%clk 0:05:26] } Qh3# { [%clk 0:07:03] } 0-1

[Event "Королевский Гамбит. Южный Федеральный округ."]
[Date "2025-11-21"]
[Round "4.4"]
[Board "4"]
[White "Григорян Милена"]
[WhiteElo "971"]
[Black "Крутых Кира"]
[BlackElo "1010"]
[WebSite "https://www.chessopen.ru"]
[GameId "47b5fd1b-0e55-434a-889a-6408ad2c5442"]
[Result "0-1"]

1. e3 { [%clk 0:10:01] } d5 { [%clk 0:09:56] } 2. d4 { [%clk 0:10:01] } e6 {
[%clk 0:09:56] } 3. e4 { [%clk 0:10:01] } dxe4 { [%clk 0:09:54] } 4. Nc3 {
[%clk 0:09:55] } Nf6 { [%clk 0:09:48] } 5. Nxe4 { [%clk 0:09:50] } Nxe4 { [%clk
0:09:42] } 6. Bc4 { [%clk 0:09:34] } Bb4+ { [%clk 0:09:41] } 7. Bd2 { [%clk
0:09:27] } Nxd2 { [%clk 0:09:40] } 8. Qe2 { [%clk 0:09:23] } Nxc4+ { [%clk
0:09:27] } 9. Qd2 { [%clk 0:09:06] } Bxd2+ { [%clk 0:09:26] } 10. Ke2 { [%clk
0:09:04] } Bg5 { [%clk 0:09:09] } 11. Kd3 { [%clk 0:09:04] } Nxb2+ { [%clk
0:09:06] } 12. Kc3 { [%clk 0:09:03] } Na4+ { [%clk 0:09:04] } 13. Kb4 { [%clk
0:09:00] } Bd2+ { [%clk 0:08:53] } 14. Kb5 { [%clk 0:09:00] } Bc3 { [%clk
0:08:53] } 15. Kxa4 { [%clk 0:09:01] } Bxa1 { [%clk 0:08:53] } 16. Ka3 { [%clk
0:09:02] } Bxd4 { [%clk 0:08:54] } 17. Nf3 { [%clk 0:09:02] } Bxf2 { [%clk
0:08:54] } 18. Rf1 { [%clk 0:09:00] } Bc5+ { [%clk 0:08:52] } 19. Kb3 { [%clk
0:08:58] } Qd5+ { [%clk 0:08:50] } 20. c4 { [%clk 0:08:59] } Qd3+ { [%clk
0:08:48] } 21. Ka4 { [%clk 0:08:53] } Qxf1 { [%clk 0:08:48] } 22. Nd2 { [%clk
0:08:49] } Qxg2 { [%clk 0:08:48] } 23. Nb1 { [%clk 0:08:45] } Qxa2+ { [%clk
0:08:48] } 24. Kb5 { [%clk 0:08:43] } Qxb1+ { [%clk 0:08:49] } 25. Ka5 { [%clk
0:08:43] } Qb4# { [%clk 0:08:49] } 0-1

[Event "Королевский Гамбит. Южный Федеральный округ."]
[Date "2025-11-21"]
[Round "4.4"]
[Board "4"]
[White "зюзько марина"]
[WhiteElo "1000"]
[Black "Курбанова Ангелина"]
[BlackElo "1009"]
[WebSite "https://www.chessopen.ru"]
[GameId "59e1bea1-2a80-4f6f-8108-e9455dda6f07"]
[Result "0-1"]

1. e4 { [%clk 0:09:57] } e5 { [%clk 0:10:00] } 2. Nf3 { [%clk 0:09:58] } Nc6 {
[%clk 0:10:02] } 3. Nc3 { [%clk 0:09:59] } Nf6 { [%clk 0:10:02] } 4. Bc4 {
[%clk 0:10:01] } Bc5 { [%clk 0:09:59] } 5. O-O { [%clk 0:10:02] } O-O { [%clk
0:09:46] } 6. Na4 { [%clk 0:10:02] } Bb6 { [%clk 0:09:43] } 7. Nxb6 { [%clk
0:10:02] } axb6 { [%clk 0:09:40] } 8. a3 { [%clk 0:10:00] } Na5 { [%clk
0:09:40] } 9. Bd3 { [%clk 0:10:00] } d5 { [%clk 0:09:38] } 10. exd5 { [%clk
0:10:01] } e4 { [%clk 0:09:39] } 11. Bxe4 { [%clk 0:10:01] } Nxe4 { [%clk
0:09:40] } 12. Re1 { [%clk 0:10:01] } Nf6 { [%clk 0:09:34] } 13. Ng5 { [%clk
0:09:59] } h6 { [%clk 0:09:33] } 14. d4 { [%clk 0:09:58] } Qxd5 { [%clk
0:09:14] } 15. Qe2 { [%clk 0:09:53] } Bg4 { [%clk 0:08:39] } 16. Qe5 { [%clk
0:09:49] } Qxe5 { [%clk 0:08:40] } 17. dxe5 { [%clk 0:09:48] } hxg5 { [%clk
0:08:24] } 18. exf6 { [%clk 0:09:47] } gxf6 { [%clk 0:08:25] } 19. Re4 { [%clk
0:09:44] } Bf5 { [%clk 0:08:25] } 20. Re2 { [%clk 0:09:40] } Rfe8 { [%clk
0:08:24] } 21. Rxe8+ { [%clk 0:09:38] } Rxe8 { [%clk 0:08:24] } 22. h3 { [%clk
0:09:38] } Bxc2 { [%clk 0:08:17] } 23. Bd2 { [%clk 0:09:35] } Nb3 { [%clk
0:08:17] } 24. Rf1 { [%clk 0:09:32] } Nxd2 { [%clk 0:08:17] } 25. Ra1 { [%clk
0:09:27] } Nb3 { [%clk 0:08:18] } 26. Rf1 { [%clk 0:09:27] } Bd3 { [%clk
0:08:19] } 27. Rd1 { [%clk 0:09:22] } Bc2 { [%clk 0:08:20] } 28. Rf1 { [%clk
0:09:21] } Re2 { [%clk 0:08:15] } 29. g4 { [%clk 0:09:18] } Re4 { [%clk
0:08:00] } 30. f3 { [%clk 0:09:16] } Rf4 { [%clk 0:08:00] } 31. a4 { [%clk
0:09:10] } Nd2 { [%clk 0:07:49] } 32. Rf2 { [%clk 0:09:06] } Rd4 { [%clk
0:07:41] } 33. Kg2 { [%clk 0:09:03] } Bxa4 { [%clk 0:07:41] } 34. b4 { [%clk
0:09:01] } Nb3 { [%clk 0:07:14] } 35. b5 { [%clk 0:09:00] } Bxb5 { [%clk
0:07:13] } 36. Rb2 { [%clk 0:08:59] } Rd2+ { [%clk 0:07:15] } 37. Rxd2 { [%clk
0:09:00] } Nxd2 { [%clk 0:07:17] } 38. Kf2 { [%clk 0:09:01] } Kf8 { [%clk
0:07:18] } 39. Ke3 { [%clk 0:09:02] } Nc4+ { [%clk 0:07:19] } 40. Kd4 { [%clk
0:09:03] } Ke7 { [%clk 0:07:17] } 41. Kd5 { [%clk 0:09:02] } Kd7 { [%clk
0:07:13] } 42. Ke4 { [%clk 0:08:51] } Ne5 { [%clk 0:07:12] } 43. Kd5 { [%clk
0:08:49] } Bc6+ { [%clk 0:07:08] } 44. Kd4 { [%clk 0:08:49] } Nxf3+ { [%clk
0:07:08] } 45. Ke3 { [%clk 0:08:44] } Ng1 { [%clk 0:07:09] } 46. Kf2 { [%clk
0:08:40] } Nxh3+ { [%clk 0:07:11] } 47. Kg3 { [%clk 0:08:40] } Ng1 { [%clk
0:07:13] } 48. Kf2 { [%clk 0:08:40] } Nf3 { [%clk 0:07:13] } 49. Kg3 { [%clk
0:08:42] } Ke6 { [%clk 0:07:13] } 50. Kf2 { [%clk 0:08:37] } b5 { [%clk
0:07:15] } 51. Kg3 { [%clk 0:08:37] } b4 { [%clk 0:07:17] } 52. Kf2 { [%clk
0:08:30] } b3 { [%clk 0:07:18] } 53. Ke2 { [%clk 0:08:30] } b2 { [%clk 0:07:18]
} 54. Kd1 { [%clk 0:08:31] } b1=Q+ { [%clk 0:07:17] } 55. Ke2 { [%clk 0:08:30]
} Bb5+ { [%clk 0:07:18] } 56. Kxf3 { [%clk 0:08:31] } Qf1+ { [%clk 0:07:18] }
57. Kg3 { [%clk 0:08:32] } Qf4+ { [%clk 0:07:12] } 58. Kh3 { [%clk 0:08:32] }
Bf1# { [%clk 0:06:58] } 0-1

[Event "Королевский Гамбит. Южный Федеральный округ."]
[Date "2025-11-21"]
[Round "4.4"]
[Board "4"]
[White "Квачёва Дарья"]
[WhiteElo "990"]
[Black "Мещанская Полина"]
[BlackElo "981"]
[WebSite "https://www.chessopen.ru"]
[GameId "d8350ca8-2f0e-4beb-8edd-6f85f3617e68"]
[Result "0-1"]

1. d4 { [%clk 0:09:41] } d5 { [%clk 0:07:45] } 2. e3 { [%clk 0:09:38] } Nc6 {
[%clk 0:07:38] } 3. Bb5 { [%clk 0:09:36] } Bd7 { [%clk 0:07:36] } 4. c4 { [%clk
0:09:32] } e6 { [%clk 0:07:24] } 5. cxd5 { [%clk 0:09:29] } exd5 { [%clk
0:07:17] } 6. Qa4 { [%clk 0:09:20] } a6 { [%clk 0:07:07] } 7. Nf3 { [%clk
0:09:12] } axb5 { [%clk 0:07:02] } 8. Qxb5 { [%clk 0:09:11] } b6 { [%clk
0:06:56] } 9. Qxd5 { [%clk 0:09:10] } Nf6 { [%clk 0:06:28] } 10. Qg5 { [%clk
0:08:52] } h6 { [%clk 0:06:19] } 11. Qg3 { [%clk 0:08:46] } Ne4 { [%clk
0:05:38] } 12. Qf4 { [%clk 0:08:36] } f5 { [%clk 0:04:51] } 13. d5 { [%clk
0:07:57] } Nb4 { [%clk 0:04:30] } 14. a3 { [%clk 0:07:47] } Nd3+ { [%clk
0:04:29] } 15. Ke2 { [%clk 0:07:19] } Nxf4+ { [%clk 0:04:27] } 16. exf4 { [%clk
0:07:20] } Bb5+ { [%clk 0:04:16] } 17. Ke3 { [%clk 0:07:09] } Qxd5 { [%clk
0:04:07] } 18. Rd1 { [%clk 0:07:04] } Qxd1 { [%clk 0:04:03] } 19. Bd2 { [%clk
0:07:04] } Nxd2 { [%clk 0:04:02] } 20. Nbxd2 { [%clk 0:07:03] } Qxa1 { [%clk
0:04:01] } 21. Ne5 { [%clk 0:06:57] } Qxb2 { [%clk 0:03:56] } 22. Ng6 { [%clk
0:06:58] } Bxa3 { [%clk 0:03:51] } 23. Nxh8 { [%clk 0:06:58] } Rd8 { [%clk
0:03:46] } 24. h4 { [%clk 0:06:53] } Rxd2 { [%clk 0:03:35] } 25. g3 { [%clk
0:06:50] } Qd4+ { [%clk 0:03:28] } 26. Kf3 { [%clk 0:06:50] } Qxf2# { [%clk
0:03:25] } 0-1

[Event "Королевский Гамбит. Южный Федеральный округ."]
[Date "2025-11-21"]
[Round "4.4"]
[Board "4"]
[White "Полина Сурова"]
[WhiteElo "1013"]
[Black "Корниенко Ева"]
[BlackElo "1000"]
[WebSite "https://www.chessopen.ru"]
[GameId "912114a2-6f5d-45e4-9d54-3a6518cf8e86"]
[Result "0-1"]

1. d4 { [%clk 0:10:01] } d5 { [%clk 0:10:01] } 2. Bf4 { [%clk 0:10:02] } Nf6 {
[%clk 0:10:01] } 3. e3 { [%clk 0:10:03] } a6 { [%clk 0:10:00] } 4. Nf3 { [%clk
0:10:05] } e6 { [%clk 0:09:59] } 5. Bd3 { [%clk 0:10:05] } Bb4+ { [%clk
0:09:56] } 6. c3 { [%clk 0:10:05] } Ba5 { [%clk 0:09:57] } 7. Nbd2 { [%clk
0:10:05] } O-O { [%clk 0:09:54] } 8. O-O { [%clk 0:10:02] } Bd7 { [%clk
0:09:53] } 9. Qb3 { [%clk 0:09:46] } b6 { [%clk 0:09:44] } 10. Qc2 { [%clk
0:09:45] } Nc6 { [%clk 0:09:38] } 11. b4 { [%clk 0:09:44] } Bxb4 { [%clk
0:09:30] } 12. cxb4 { [%clk 0:09:40] } Nxb4 { [%clk 0:09:30] } 13. Qc3 { [%clk
0:09:39] } a5 { [%clk 0:09:25] } 14. Ne5 { [%clk 0:09:22] } Nxd3 { [%clk
0:09:18] } 15. Nxd3 { [%clk 0:09:21] } Bb5 { [%clk 0:09:11] } 16. Rfb1 { [%clk
0:09:04] } Bxd3 { [%clk 0:09:07] } 17. Qxd3 { [%clk 0:09:01] } Qe7 { [%clk
0:08:55] } 18. Qc3 { [%clk 0:08:57] } Rad8 { [%clk 0:08:49] } 19. Qxc7 { [%clk
0:08:49] } Qxc7 { [%clk 0:08:44] } 20. Bxc7 { [%clk 0:08:50] } Rc8 { [%clk
0:08:24] } 21. Bxb6 { [%clk 0:08:44] } a4 { [%clk 0:08:07] } 22. Nf3 { [%clk
0:08:26] } Ne4 { [%clk 0:07:54] } 23. Ba5 { [%clk 0:08:16] } h6 { [%clk
0:07:42] } 24. Bd2 { [%clk 0:08:04] } Rc2 { [%clk 0:07:29] } 25. Bb4 { [%clk
0:08:01] } Rfc8 { [%clk 0:07:06] } 26. Ba3 { [%clk 0:07:33] } Rxf2 { [%clk
0:07:05] } 27. Rb2 { [%clk 0:07:11] } Rcc2 { [%clk 0:06:53] } 28. Rxc2 { [%clk
0:06:58] } Rxc2 { [%clk 0:06:52] } 29. Bb4 { [%clk 0:06:20] } Rc4 { [%clk
0:06:45] } 30. a3 { [%clk 0:06:01] } Nc3 { [%clk 0:06:23] } 31. Ne5 { [%clk
0:05:30] } Ne2+ { [%clk 0:05:58] } 32. Kf1 { [%clk 0:04:58] } Rc2 { [%clk
0:05:48] } 33. Nd7 { [%clk 0:04:19] } Nc3 { [%clk 0:05:42] } 34. Nc5 { [%clk
0:04:05] } Nb5 { [%clk 0:05:32] } 35. Nxa4 { [%clk 0:03:43] } Rc4 { [%clk
0:05:07] } 36. Nc5 { [%clk 0:03:30] } Nc7 { [%clk 0:04:49] } 37. Nd7 { [%clk
0:03:01] } Na6 { [%clk 0:04:45] } 38. Rb1 { [%clk 0:02:32] } Rc2 { [%clk
0:04:36] } 39. Nc5 { [%clk 0:02:20] } Nc7 { [%clk 0:04:19] } 40. Ba5 { [%clk
0:02:06] } Ne8 { [%clk 0:03:48] } 41. a4 { [%clk 0:01:52] } Nf6 { [%clk
0:03:45] } 42. h3 { [%clk 0:01:49] } Nh5 { [%clk 0:03:07] } 43. Bb6 { [%clk
0:01:21] } Ng3+ { [%clk 0:02:59] } 44. Kg1 { [%clk 0:01:19] } Ne2+ { [%clk
0:02:45] } 45. Kh2 { [%clk 0:00:59] } Ra2 { [%clk 0:02:33] } 46. a5 { [%clk
0:01:00] } Nc3 { [%clk 0:02:31] } 47. a6 { [%clk 0:00:58] } Nxb1 { [%clk
0:02:28] } 48. a7 { [%clk 0:00:52] } Nc3 { [%clk 0:02:25] } 49. Nb7 { [%clk
0:00:41] } Nb5 { [%clk 0:02:12] } 50. Na5 { [%clk 0:00:40] } Nxa7 { [%clk
0:02:11] } 51. Bxa7 { [%clk 0:00:39] } Rxa5 { [%clk 0:02:11] } 0-1

[Event "Королевский Гамбит. Южный Федеральный округ."]
[Date "2025-11-21"]
[Round "4.5"]
[Board "5"]
[White "Гончаров Дмитрий"]
[WhiteElo "1000"]
[Black "Замковой Артём"]
[BlackElo "971"]
[WebSite "https://www.chessopen.ru"]
[GameId "e3ddbd1f-58cb-4358-90fd-9792cec05c82"]
[Result "0-1"]

1. e4 { [%clk 0:09:57] } e5 { [%clk 0:09:27] } 2. Bc4 { [%clk 0:09:40] } Nf6 {
[%clk 0:09:27] } 3. Nf3 { [%clk 0:09:38] } Nc6 { [%clk 0:09:28] } 4. Nc3 {
[%clk 0:09:37] } Bc5 { [%clk 0:09:29] } 5. d3 { [%clk 0:09:37] } h6 { [%clk
0:09:31] } 6. Be3 { [%clk 0:09:38] } Bb6 { [%clk 0:09:26] } 7. Nd5 { [%clk
0:09:34] } d6 { [%clk 0:09:14] } 8. Nxb6 { [%clk 0:09:33] } axb6 { [%clk
0:09:09] } 9. Bb5 { [%clk 0:09:29] } Be6 { [%clk 0:08:57] } 10. Bxc6+ { [%clk
0:09:14] } bxc6 { [%clk 0:08:57] } 11. O-O { [%clk 0:09:11] } d5 { [%clk
0:08:29] } 12. exd5 { [%clk 0:09:07] } cxd5 { [%clk 0:08:31] } 13. Nxe5 { [%clk
0:09:08] } Qd6 { [%clk 0:08:27] } 14. d4 { [%clk 0:09:07] } c5 { [%clk 0:08:17]
} 15. c3 { [%clk 0:09:05] } O-O { [%clk 0:08:11] } 16. Nf3 { [%clk 0:08:52] }
Bg4 { [%clk 0:08:06] } 17. dxc5 { [%clk 0:08:50] } bxc5 { [%clk 0:08:05] } 18.
h3 { [%clk 0:08:51] } Bh5 { [%clk 0:08:05] } 19. Re1 { [%clk 0:08:45] } Rfe8 {
[%clk 0:07:58] } 20. a3 { [%clk 0:08:35] } Ra4 { [%clk 0:07:06] } 21. b4 {
[%clk 0:08:17] } cxb4 { [%clk 0:06:53] } 22. cxb4 { [%clk 0:08:12] } Ne4 {
[%clk 0:06:44] } 23. Bc5 { [%clk 0:08:01] } Qf6 { [%clk 0:06:20] } 24. Qxa4 {
[%clk 0:07:56] } Bxf3 { [%clk 0:06:16] } 25. Qxe8+ { [%clk 0:07:55] } Kh7 {
[%clk 0:06:16] } 26. Be7 { [%clk 0:07:26] } Qg6 { [%clk 0:05:47] } 27. g3 {
[%clk 0:07:22] } Nxg3 { [%clk 0:05:15] } 28. Qc6 { [%clk 0:06:25] } Ne2+ {
[%clk 0:04:58] } 29. Kf1 { [%clk 0:06:10] } Qg2# { [%clk 0:04:58] } 0-1

[Event "Королевский Гамбит. Южный Федеральный округ."]
[Date "2025-11-21"]
[Round "4.5"]
[Board "5"]
[White "Рылов Владимир"]
[WhiteElo "1000"]
[Black "Мещерин Егор"]
[BlackElo "1000"]
[WebSite "https://www.chessopen.ru"]
[GameId "edd9e77d-a62e-4abf-aef7-a0b0b1a73302"]
[Result "0-1"]

1. e4 { [%clk 0:10:01] } c5 { [%clk 0:10:01] } 2. Nc3 { [%clk 0:10:01] } Nc6 {
[%clk 0:10:01] } 3. Bc4 { [%clk 0:10:02] } Nf6 { [%clk 0:10:01] } 4. d3 { [%clk
0:10:02] } d6 { [%clk 0:10:02] } 5. Bg5 { [%clk 0:10:02] } Bd7 { [%clk 0:10:01]
} 6. Bxf6 { [%clk 0:10:03] } exf6 { [%clk 0:10:01] } 7. Qf3 { [%clk 0:10:02] }
g6 { [%clk 0:10:00] } 8. O-O-O { [%clk 0:09:58] } Bg7 { [%clk 0:09:56] } 9.
Nge2 { [%clk 0:09:58] } O-O { [%clk 0:09:56] } 10. Nf4 { [%clk 0:09:57] } Nd4 {
[%clk 0:09:45] } 11. Qe3 { [%clk 0:09:53] } f5 { [%clk 0:09:39] } 12. exf5 {
[%clk 0:09:50] } Nxf5 { [%clk 0:09:36] } 13. Qf3 { [%clk 0:09:45] } Nd4 { [%clk
0:09:35] } 14. Qxb7 { [%clk 0:09:40] } Bc6 { [%clk 0:09:27] } 15. Qa6 { [%clk
0:09:25] } Qb8 { [%clk 0:09:15] } 16. Qa3 { [%clk 0:09:04] } Bh6 { [%clk
0:09:09] } 17. g3 { [%clk 0:09:00] } Bxh1 { [%clk 0:09:09] } 18. Kb1 { [%clk
0:08:56] } Bxf4 { [%clk 0:09:00] } 19. gxf4 { [%clk 0:08:54] } Bf3 { [%clk
0:08:55] } 20. Re1 { [%clk 0:08:42] } Re8 { [%clk 0:08:51] } 21. Rxe8+ { [%clk
0:08:41] } Qxe8 { [%clk 0:08:51] } 22. b3 { [%clk 0:08:17] } Qe1+ { [%clk
0:08:44] } 23. Qc1 { [%clk 0:08:05] } Qxc3 { [%clk 0:08:34] } 24. Qb2 { [%clk
0:07:44] } Qxb2+ { [%clk 0:08:25] } 25. Kxb2 { [%clk 0:07:45] } Rb8 { [%clk
0:08:21] } 26. h4 { [%clk 0:07:41] } Bg4 { [%clk 0:08:07] } 27. c3 { [%clk
0:07:38] } Nb5 { [%clk 0:07:52] } 28. Bxb5 { [%clk 0:07:33] } Rxb5 { [%clk
0:07:50] } 29. a4 { [%clk 0:07:33] } Rb8 { [%clk 0:07:51] } 30. Ka3 { [%clk
0:07:31] } Be6 { [%clk 0:07:47] } 31. b4 { [%clk 0:07:31] } cxb4+ { [%clk
0:07:48] } 32. cxb4 { [%clk 0:07:29] } a5 { [%clk 0:07:38] } 33. bxa5 { [%clk
0:07:28] } Rb3+ { [%clk 0:07:33] } 34. Ka2 { [%clk 0:07:24] } Rb5+ { [%clk
0:07:32] } 35. Ka1 { [%clk 0:07:23] } Rxa5 { [%clk 0:07:34] } 36. f5 { [%clk
0:07:23] } Rxa4+ { [%clk 0:07:30] } 37. Kb2 { [%clk 0:07:24] } Bxf5 { [%clk
0:07:31] } 38. d4 { [%clk 0:07:25] } Rxd4 { [%clk 0:07:30] } 39. Kc3 { [%clk
0:07:24] } Rd3+ { [%clk 0:07:24] } 40. Kc4 { [%clk 0:07:24] } Kf8 { [%clk
0:07:22] } 41. f4 { [%clk 0:07:14] } Ke7 { [%clk 0:07:19] } 42. h5 { [%clk
0:07:13] } gxh5 { [%clk 0:07:16] } 43. Kb4 { [%clk 0:07:08] } h4 { [%clk
0:07:15] } 44. Ka5 { [%clk 0:07:04] } Rb3 { [%clk 0:07:08] } 45. Ka4 { [%clk
0:07:04] } Rb1 { [%clk 0:07:08] } 46. Ka3 { [%clk 0:07:05] } h3 { [%clk
0:07:07] } 47. Ka2 { [%clk 0:07:08] } h2 { [%clk 0:07:01] } 48. Ka3 { [%clk
0:07:06] } h1=Q { [%clk 0:06:59] } 49. Ka2 { [%clk 0:07:07] } Qa8# { [%clk
0:06:58] } 0-1